| 000 | 00774cam a2200205 a 4500 | ||
|---|---|---|---|
| 020 | _a9788172210533 | ||
| 082 | _a363.325095479 MUS | ||
| 100 | 1 | _aMushrif, S. M. | |
| 245 | 1 | 0 |
_aWho killed Karkare? : _bthe real face of terrorism in India / _cS.M. Mushrif. |
| 250 | _a5th ed. | ||
| 260 |
_aNew Delhi : _bPharos Media & Pub., _c2018. |
||
| 300 |
_a342 p. ; _c21.5 cm. |
||
| 650 | 0 |
_aTerrorism _935664 |
|
| 650 | 0 |
_aCommunalism _935665 |
|
| 942 |
_2ddc _cBK |
||
| 999 |
_c541264 _d541264 |
||